Papua-Uusi-Guinea-visa - Statistics

Yleistilastot
  • Tätä visaa on pelattu 233 kertaa
  • Keskiarvotulos 8 / 20
Vastaustilastot
Vihje Vastaus % Oikein
Ainoa naapurimaa Indonesia
97%
Valtio, josta Papua-Uusi-Guinea itsenäistyi vuonna 1975 Australia
85%
Pääkaupunki Port Moresby
70%
Valtio, jonka siirtomaa maan pohjoisosa oli vuosina 1884–1919 Saksa
67%
Suosituin urheilulaji Rugby league
61%
Tapa, joka oli joskus laajalle levinnyt, mutta on nykyään vain joidenkin syrjäisten heimojen tapa {Kannibal}ismi
57%
Oseanian alue, johon Papua-Uusi-Guinea kuuluu Melanesia
53%
Tähtikuvio, joka esiintyy lipussa Etelän risti
43%
Meri maan kaakkoispuolella Korallimeri
43%
Papua-Uuden-Guinean käytetyin kieli (kreolikieli) Tok-pisin
27%
Lintu, joka esiintyy maan lipussa Paratiisilintu
22%
Valuutta Kina
21%
Meri maan pohjoispuolella Bismarckinmeri
20%
Salmi yllä olevan ja Papua-Uuden-Guinean välissä Torresinsalmi
20%
Alue, joka äänesti ylivoimaisesti itsenäistymisen puolesta vuonna 2019 Bougainville
19%
Meri maan itäpuolella Salomoninmeri
19%
Toiseksi suurin saari Uusi-Britannia
13%
Oseanian pisin joki ja pisin joki, jossa ei ole patoja Fly
11%
Maailman suurin perhoslaji, esiintyy vain Papua-Uudessa-Guineassa Jättilintusiipi
10%
Korkein vuori Mount Wilhelm
10%
Ehtoja vastaavia visoja ei löytynyt
Tulosjakauma
Jokaisen tuloksen saaneiden osuus
Persentiili vastausten määrän mukaan
Tuloshistoriasi
Et ole pelannut tätä visaa